LEADER 01121nam--2200349---450- 001 990006178970203316 005 20161117113821.0 010 $a88-7448-974-9 035 $a000617897 035 $aUSA01000617897 035 $a(ALEPH)000617897USA01 035 $a000617897 100 $a20161117d1999----km-y0itay50------ba 101 $aita 102 $aIT 105 $aa---||||001yy 200 1 $a<> telelavoro nella residenza e nel terziario$el'avvento della telematica alle soglie del Terzo Millennio$fPaola Lassandro$gpresentazione di Enrico Mandolesi 210 $aRoma$cGangemi$d1999 215 $a176 p.$cill.$d24 cm 606 0 $aTelelavoro$2BNCF 606 0 $aEdifici per uffici$xArredamento [e] Progettazione architettonica 676 $a725.23 700 1$aLASSANDRO,$bPaola$0376923 702 1$aMANDOLESI,$bEnrico 801 0$aIT$bsalbc$gISBD 912 $a990006178970203316 951 $a725.23 LAS$b1477 Crd.$c725$d00331670 959 $aBK 969 $aCRD 979 $aPAOLA$b90$c20161117$lUSA01$h1138 996 $aTelelavoro nella residenza e nel terziario$91394385 997 $aUNISA LEADER 02118oam 2200577 450 001 9910713930803321 005 20201020105822.0 035 $a(CKB)5470000002506357 035 $a(OCoLC)1037875817$z(OCoLC)966434530 035 $a(OCoLC)995470000002506357 035 $a(EXLCZ)995470000002506357 100 $a20180528e19861985 ua 0 101 0 $aeng 135 $aurbn||||||||| 181 $ctxt$2rdacontent 182 $cc$2rdamedia 183 $acr$2rdacarrier 200 10$aDischarge ratings for control gates at Mississippi River Lock and Dam 11, Dubuque, Iowa /$fby Albert J. Heinitz ; prepared in cooperation with U.S. Army Corps of Engineers, Rock Island District 210 3$aIowa City, Iowa :$cU.S. Geological Survey,$d1986. 215 $a1 online resource (viii, 43 pages) $cillustrations, 1 map 225 1 $aWater resources investigations report ;$v85-4105 300 $a"Reprinted with revisions, 1986." 320 $aIncludes bibliographical references (page 43). 606 $aLocks (Hydraulic engineering)$zMississippi River 606 $aLocks (Hydraulic engineering)$zIowa$zDubuque 606 $aDams$zMississippi River 606 $aDams$zIowa$zDubuque 606 $aDams$xModels$2fast 606 $aHydraulic models$2fast 606 $aLocks (Hydraulic engineering)$xModels$2fast 607 $aMississippi River$xNavigation 607 $aMississippi River$2fast 615 0$aLocks (Hydraulic engineering) 615 0$aLocks (Hydraulic engineering) 615 0$aDams 615 0$aDams 615 7$aDams$xModels. 615 7$aHydraulic models. 615 7$aLocks (Hydraulic engineering)$xModels. 700 $aHeinitz$b Albert J.$01388242 712 02$aGeological Survey (U.S.), 712 02$aUnited States.$bArmy.$bCorps of Engineers.$bRock Island District. 801 0$bOCLCE 801 1$bOCLCE 801 2$bCOP 801 2$bOCLCQ 801 2$bGPO 906 $aBOOK 912 $a9910713930803321 996 $aDischarge ratings for control gates at Mississippi River Lock and Dam 11, Dubuque, Iowa$93496890 997 $aUNINA